02124agaaa2200325 45000010005000000030009000050050017000140070009000310080040000400400023000800410013001031000057001161300017001732400024001902450200002142460017004142500022004312600131004533000034005845080259006185110089008775200488009665380016014545460013014706500056014837000069015397000075016087000062016837000053017459057IT-RoPAU20220918181246.0d cvaizq50131s9999||||xx ||| | || ||und|| aIT-RoPAUcIT-RoPAU aITALIANO aFassbinder Rainer WernergCodice regista SPICS: 6794 aLILI MARLEEN aLILI MARLEENgT1945 aLILI MARLEENcProdotto da: Waldleitner Luggi -- Sceneggiatura: Purzer Manfred Fassbinder Rainer Werner -- Diretto da: Fassbinder Rainer WernerpLILI MARLEEN (Rif. Codice opera principale : 29057) aLILI MARLEEN aEdizione Standard aMONACO - BERLINO (GERMANIA OCCID.)bROXY FILM - CIP FILM / Distribuzione: RAIg"1980 (1° ed.: 1985 ; Ed. Lingua Orig.: 1980)" aVHSbsonoro, col.c110 minuti a"Fotografia: Schwarzenberger Xave; Montaggio: Lorenz Juliane; Musica: Raben Peer; Sceneggiatura: Purzer Manfred Fassbinder Rainer Werner; Scenografia: Strabel Herbert; Coreografia: Gackstetter Dieter; Soggetto: Purzer Manfred -- Fassbinder Rainer Werner" a"Schygulla Hanna; Giannini Giancarlo; Ferrer Mel; Bohn Hark; Kier Udo; Hoven Adrian" aLA VICENDA E' AMBIENTATA A ZURIGO NEL 1938 STORIA DI UNA GIOVANE CANTANTE DI CABARET IN CERCA DI SUCCESSO CAMPI DI STERMINIO NAZISTI IN POLONIA COLLABORAZIONE CON LA RESISTENZA GUERRA GRANDE AMORE IPOCRISIA FILM A COLORILA CANZONE LILI MARLEEN E' DI NORBERT SCHULTZE TESTO DI HANS LEIPSINFONIA N.8 DI GUSTAV MAHLER ESEGUITA DALLA CHICAGO SYMPHONY ORCHESTRA DIRETTA DA SIR GEORG SOLTIIL COPIONE E' STATO CREATO UTILIZZANDO IL ROMANZO IL CIELO HA UN'INFINITA'DI COLORI DI LALE ANDERSEN aPAL, STEREO aITALIANO aDRAMMATICOeFILMS [VHS]xCodice MATERIA SPICS: 9960 aFassbinder Rainer Werner e(regista)gCodice regista SPICS: 6794 aFassbinder Rainer Werner e(soggetto)gCodice Soggetto 2° SPICS: 6794 aPurzer Manfred e(soggetto)gCodice Soggetto SPICS: 31160 aRaben Peere(musica)gCodice Musica SPICS: 30736